|
|
|
|
| LEADER |
00823nab#a2200301#ar4500 |
| 001 |
000052154 |
| 003 |
SVKKK |
| 005 |
20050413104008.0 |
| 008 |
050331c2005 xo e slo |
| FMT |
|
|
|
| 038 |
|
|
|a SVKKK
|
| 040 |
|
|
|a SVKKK
|b slo
|e AACR2
|
| 041 |
0 |
|
|a slo
|
| 044 |
|
|
|a xo
|c SK
|
| 080 |
|
|
|a 061.3
|2 1997
|
| 080 |
|
|
|a 334.7:061.3
|2 1997
|
| 100 |
0 |
|
|a (jk)
|4 aut
|
| 245 |
1 |
0 |
|a Dobrá každá rada :
|b skončil sa Workshop na Spiši
|c [autor] (jk)
|
| 611 |
2 |
4 |
|a Workshop
|c (Spišská Nová Ves, Slovensko)
|y 11.-12.5.1993
|
| 650 |
0 |
4 |
|a podnikanie malé a stredné
|x konferencie pracovné
|z Spišská Nová Ves (Slovensko)
|
| 773 |
0 |
|
|t Slovenský východ
|g Roč. 3/22, č. 109 (13.5.1993), s. 1
|
| 957 |
|
|
|a 810
|
| 958 |
|
|
|a SN
|
| 974 |
|
|
|a Čr
|
| 992 |
|
|
|a RBX
|
| BAS |
|
|
|
| 852 |
|
|
|a SVKKK
|b BIB
|
| 998 |
|
|
|a REG
|